Report upon the inland customs and town duties of the Bengal Presidency town duties of the Bengal presidency ./ (Record no. 112697)

MARC details
000 -LEADER
fixed length control field 00572nam a22001697a 4500
003 - CONTROL NUMBER IDENTIFIER
control field BD-ChCU
005 - DATE AND TIME OF LATEST TRANSACTION
control field 20260506090611.0
008 - FIXED-LENGTH DATA ELEMENTS--GENERAL INFORMATION
fixed length control field 260506b bg ||||| |||| 00| 0 ben d
040 ## - CATALOGING SOURCE
Transcribing agency BD-ChCU
082 ## - DEWEY DECIMAL CLASSIFICATION NUMBER
Classification number 330.954 TRR
100 ## - MAIN ENTRY--PERSONAL NAME
Personal name Trevelyan , Charles E.
9 (RLIN) 22432
245 ## - TITLE STATEMENT
Title Report upon the inland customs and town duties of the Bengal Presidency town duties of the Bengal presidency ./
Statement of responsibility, etc. Charles E. Trevelyan .
260 ## - PUBLICATION, DISTRIBUTION, ETC.
Place of publication, distribution, etc. India :
Name of publisher, distributor, etc. Academic pub .
Date of publication, distribution, etc. C 1976
300 ## - PHYSICAL DESCRIPTION
Extent viii , 495p.
650 #0 - SUBJECT ADDED ENTRY--TOPICAL TERM
Topical term or geographic name entry element Bangladesh - Economic Conditions .
9 (RLIN) 22433
942 ## - ADDED ENTRY ELEMENTS (KOHA)
Source of classification or shelving scheme Dewey Decimal Classification
Koha item type Books
Suppress in OPAC No
Holdings
Withdrawn status Lost status Source of classification or shelving scheme Damaged status Not for loan Home library Current library Shelving location Date acquired Source of acquisition Total Checkouts Full call number Barcode Date last seen Copy number Price effective from Koha item type
    Dewey Decimal Classification     Chittagong University Library Chittagong University Library Business and Social Science Reading Room 06/05/2026 Purchase   330.954 TRR 110250 06/05/2026 C-1 06/05/2026 Books
© Copyright 2026. Chittagong University Library, Installation and Maintenance by Prof. Dr. Md. Alamgir, 01711306253